Normal view
MARC view
Entry Personal Name
001 - CONTROL NUMBER
- control field: 7274
003 - CONTROL NUMBER IDENTIFIER
- control field: BD-RjUL
005 - DATE AND TIME OF LATEST TRANSACTION
- control field: 20230404123125.0
008 - FIXED-LENGTH DATA ELEMENTS
- fixed length control field: 230404|| aca||aabn | a|a d
040 ## - CATALOGING SOURCE
- Original cataloging agency: BD-RjUL
- Transcribing agency: BD-RjUL
100 ## - HEADING--PERSONAL NAME
- Personal name: Nurullah, Shaikh M. Supervisor
670 ## - SOURCE DATA FOUND
- Source citation: Work cat.: (BD-RjUL)81323: Saha, Amitab 7272, Linking Human Resourch Strategy to from Performance in the Ready-Made Garment Industry :, 2020